000
00261nam a22001097a 4500
008
140207t xxu||||| |||| 00| 0 eng d
020
_a
969-407-11-8-6
100
_a
Sabeeha Hafeez
_9
675
245
_a
The changing pakistan society
300
_a
334
942
_2
ddc
_c
BK
999
_c
16934
_d
16934